|
|
|
|
| LEADER |
01758nam a22004214a 4500 |
| 001 |
EBC3001767 |
| 003 |
MiAaPQ |
| 005 |
20200520144314.0 |
| 006 |
m o d | |
| 007 |
cr cn||||||||| |
| 008 |
040219s2004 nyua sb 001 0 eng |
| 010 |
|
|
|z 2004003905
|
| 020 |
|
|
|z 9780814428085
|
| 020 |
|
|
|z 0814472400
|
| 035 |
|
|
|a (MiAaPQ)EBC3001767
|
| 035 |
|
|
|a (Au-PeEL)EBL3001767
|
| 035 |
|
|
|a (CaPaEBR)ebr10058426
|
| 035 |
|
|
|a (CaONFJC)MIL177025
|
| 035 |
|
|
|a (OCoLC)929146538
|
| 040 |
|
|
|a MiAaPQ
|c MiAaPQ
|d MiAaPQ
|
| 050 |
|
4 |
|a HD49
|b .W36 2004
|
| 082 |
0 |
4 |
|a 658.4/77
|2 22
|
| 100 |
1 |
|
|a Wallace, Michael,
|d 1960-
|
| 245 |
1 |
4 |
|a The disaster recovery handbook
|h [electronic resource] :
|b a step-by-step plan to ensure business continuity and protect vital operations, facilities, and assets /
|c Michael Wallace and Lawrence Webber.
|
| 260 |
|
|
|a New York :
|b American Management Association,
|c c2004.
|
| 300 |
|
|
|a xvii, 398 p. :
|b ill.
|
| 504 |
|
|
|a Includes bibliographical references (p. 377-382) and index.
|
| 533 |
|
|
|a Electronic reproduction. Ann Arbor, MI : ProQuest, 2015. Available via World Wide Web. Access may be limited to ProQuest affiliated libraries.
|
| 650 |
|
0 |
|a Business planning
|v Handbooks, manuals, etc.
|
| 650 |
|
0 |
|a Computer security
|v Handbooks, manuals, etc.
|
| 650 |
|
0 |
|a Crisis management
|v Handbooks, manuals, etc.
|
| 650 |
|
0 |
|a Data protection
|v Handbooks, manuals, etc.
|
| 650 |
|
0 |
|a Data recovery (Computer science)
|x Planning
|v Handbooks, manuals, etc.
|
| 650 |
|
0 |
|a Emergency management
|v Handbooks, manuals, etc.
|
| 655 |
|
4 |
|a Electronic books.
|
| 700 |
1 |
|
|a Webber, Larry.
|
| 710 |
2 |
|
|a ProQuest (Firm)
|
| 856 |
4 |
0 |
|u https://ebookcentral.proquest.com/lib/matrademy/detail.action?docID=3001767
|z Click to View
|